书目信息 |
| 题名: |
科技文献检索与利用
|
|
| 作者: | 胡安朋 编著 | |
| 分册: | ||
| 出版信息: | 天津 南开大学出版社 1989 |
|
| 页数: | 423页 | |
| 开本: | 20cm | |
| 丛书名: | 图书馆学情报学系列教程 | |
| 单 册: | ||
| 中图分类: | G354.2 | |
| 科图分类: | ||
| 主题词: | 情报学 , 情报工作 | |
| 电子资源: | ||
| ISBN: | 7-310-00089-7 | |
| 000 | 00718nam2 2200241 45 | |
| 001 | 0404291118 | |
| 005 | 20040429112017.2 | |
| 010 | @a7-310-00089-7@dCNY3.10 | |
| 100 | @a20040429d1989 km y0chiy0120 ea | |
| 101 | 0 | @achi |
| 105 | @a z 000yy | |
| 200 | 1 | @a科技文献检索与利用@AKe Ji Wen Xian Jian Suo Yu Li Yong@f胡安朋编著@FHu An Peng Bian Zhu |
| 210 | @a天津@c南开大学出版社@d1989 | |
| 215 | @a423页@d20cm | |
| 225 | @a图书馆学情报学系列教程@f来新夏主编 | |
| 410 | @12001 @a图书馆学情报学系列教程 | |
| 410 | @1700 0@a来新夏@ALai Xin Xia@4主编 | |
| 606 | 0 | @a情报学 |
| 606 | 0 | @a情报工作 |
| 690 | @aG354.2@v3 | |
| 701 | 0 | @a胡安朋@4编著 |
| 801 | @aCN@bTSTCL@c20040429 | |
| 905 | @f1@b227104@dG354.2@e70 | |
| 科技文献检索与利用/胡安朋编著.-天津:南开大学出版社,1989 |
| 423页;20cm.-(图书馆学情报学系列教程/来新夏主编) |
| ISBN 7-310-00089-7:CNY3.10 |
| ● |
| 相关链接 |
|
|
|
|
正题名:科技文献检索与利用
索取号:G354.2/70
 
预约/预借
| 序号 | 登录号 | 条形码 | 馆藏地/架位号 | 状态 | 备注 |
| 1 | 0227104 | 000309632 | 密集书库/ [索取号:G354.2/70] | 在馆 | |
| 2 | 0227105 | 001471017 | 第一样本阅览室/ [索取号:G354.2/70] | 在馆 |